|
|
|
|
| LEADER |
00000cam a2200000 7i4500 |
| 001 |
0000048175 |
| 005 |
20220105103836.0 |
| 008 |
150608 |
| 020 |
|
|
|a 9789833672936
|
| 090 |
0 |
0 |
|a EDU
|b MAL
|
| 090 |
0 |
0 |
|a MTH
|b MAL
|
| 100 |
1 |
|
|a Nurul Jannah
|
| 245 |
1 |
0 |
|a CD Interaktif Matematik :
|b Nota,Aktiviti Dan Permainan Matematik Untuk Prasekolah
|c Nurul Jannah
|
| 260 |
|
|
|a Batu Pahat :
|b Eduline Enterprise ,
|c 2010
|
| 300 |
|
|
|a 20pg
|
| 500 |
|
|
|a Children age 4-6 years old (yellow)
|
| 650 |
|
0 |
|a Education,Preschool
|x Activity programs
|
| 999 |
|
|
|a 0001214534
|b Book
|c Children Collection
|e Cawangan Segamat
|
| 999 |
|
|
|a 0001214539
|b Book
|c Children Collection
|e Cawangan Mersing
|
| 999 |
|
|
|a 0001214542
|b Book
|c Children Collection
|e Cawangan Taman Universiti
|
| 999 |
|
|
|a 0001214543
|b Book
|c Children Collection
|e Cawangan Tmn. Ungku Tun Aminah
|
| 999 |
|
|
|a 0001214545
|b Book
|c Children Collection
|e Cawangan Taman Universiti
|
| 999 |
|
|
|a 0001214546
|b Book
|c Children Collection
|e Cawangan Pontian
|
| 999 |
|
|
|a 0001214547
|b Book
|c Children Collection
|e Cawangan Bukit Gambir
|